Medieval technology and social change /
محفوظ في:
المؤلف الرئيسي:
التنسيق: كتاب
اللغة: English
منشور في:
Oxford :
Clarendon Press,
1962.
الموضوعات:
الوسوم: إضافة وسم
لا توجد وسوم, كن أول من يضع وسما على هذه التسجيلة!
رقم الطلب: CB353 .W5 1962
| LEADER | 00694nam a2200241 4500 | ||
|---|---|---|---|
| 001 | 6557 | ||
| 003 | OSt | ||
| 005 | 20251117094739.0 | ||
| 008 | 130303s1962 enka 000 0 eng d | ||
| 010 | |a 62002973 | ||
| 015 | |a GB62-5315 | ||
| 040 | |c ARCE Library | ||
| 050 | 4 | |a CB353 .W5 1962 | |
| 100 | 1 | |a White, Lynn, Jr., |d 1907-1987, |e author | |
| 245 | 1 | 0 | |a Medieval technology and social change / |c Lynn White. |
| 264 | 1 | |a Oxford : |b Clarendon Press, |c 1962. | |
| 300 | |a 194 pages : |b illustrations ; |c 22 cm. | ||
| 650 | 0 | |a Civilization, Medieval. | |
| 650 | 0 | |a Social history |y Medieval, 500-1500. | |
| 650 | 0 | |a Technology and civilization. | |
| 901 | |a reviewed | ||
| 942 | |c BK |2 lcc | ||
| 999 | |c 7953 |d 7953 | ||
